Technology of machine tools / (Record no. 183594)
[ view plain ]
| 000 -LEADER | |
|---|---|
| fixed length control field | 01287 a2200253 4500 |
| 003 - CONTROL NUMBER IDENTIFIER | |
| control field | Nust |
| 005 - DATE AND TIME OF LATEST TRANSACTION | |
| control field | 20221229112402.0 |
| 010 ## - LIBRARY OF CONGRESS CONTROL NUMBER | |
| LC control number | 2009051328 |
| 020 ## - INTERNATIONAL STANDARD BOOK NUMBER | |
| International Standard Book Number | 0073510831 (alk. paper) |
| 020 ## - INTERNATIONAL STANDARD BOOK NUMBER | |
| International Standard Book Number | 9780073510835 (alk. paper) |
| 040 ## - CATALOGING SOURCE | |
| Transcribing agency | Nust |
| 082 00 - DEWEY DECIMAL CLASSIFICATION NUMBER | |
| Classification number | 621.902,KRA |
| 100 1# - MAIN ENTRY--PERSONAL NAME | |
| Personal name | Krar, Stephen F. |
| 245 10 - TITLE STATEMENT | |
| Title | Technology of machine tools / |
| Statement of responsibility, etc. | Steve F. Krar, Arthur R. Gill, Peter Smid. |
| 250 ## - EDITION STATEMENT | |
| Edition statement | 5th ed. |
| 260 ## - PUBLICATION, DISTRIBUTION, ETC. | |
| Place of publication, distribution, etc. | New York, NY : |
| Name of publisher, distributor, etc. | McGraw-Hill, |
| Date of publication, distribution, etc. | 2011. |
| 300 ## - PHYSICAL DESCRIPTION | |
| Extent | 869p |
| 505 ## - FORMATTED CONTENTS NOTE | |
| Formatted contents note | Machine Tools (Page-1), Safety (Page-5), Measurement Systems, Precision Measurement and Inspection (Page-8), Layout Tools (Page-59), Hand Tools and Bench Work (Page-70), Physics of Metal Cutting (Page-88), Contour Bandsaw (Page-99), Drilling Machines (Page-114), The Engine Lathe (Page-141), Shapers and Slotters (Page-200), Milling Machines (Page-217), The Jig Borer and Jig Grinder (Page-293), Abrasives (Page-317), Grinding Machines (Page-330), Carbide, Ceramic and Diamond Cutting Tools (Page-367), Cutting Fluids (Page-387), Metallurgy (Page-396), Hydraulics (Page-427), Special Processes (Page-440). |
| 650 #0 - SUBJECT ADDED ENTRY--TOPICAL TERM | |
| Topical term or geographic name entry element | Machine-shop practice. |
| 9 (RLIN) | 36237 |
| 650 #0 - SUBJECT ADDED ENTRY--TOPICAL TERM | |
| Topical term or geographic name entry element | Machine-tools. |
| 700 1# - ADDED ENTRY--PERSONAL NAME | |
| Personal name | Gill, Arthur, |
| Dates associated with a name | 1930- |
| 9 (RLIN) | 36238 |
| 700 1# - ADDED ENTRY--PERSONAL NAME | |
| Personal name | Smid, Peter. |
| 9 (RLIN) | 36239 |
| 942 ## - ADDED ENTRY ELEMENTS (KOHA) | |
| Source of classification or shelving scheme | |
| Koha item type | Book |
| Withdrawn status | Lost status | Source of classification or shelving scheme | Damaged status | Not for loan | Permanent Location | Current Location | Shelving location | Date acquired | Full call number | Barcode | Date last seen | Price effective from | Koha item type | Public note |
|---|---|---|---|---|---|---|---|---|---|---|---|---|---|---|
| Military College of Signals (MCS) | Military College of Signals (MCS) | General Stacks | 12/12/2016 | 621.902,KRA | MCS112 | 12/08/2016 | 12/12/2016 | Book | Almirah No.41, Shelf No.1 |
